| 000 | 00437nam a22001697a 4500 | ||
|---|---|---|---|
| 008 | 180720b xxu||||| |||| 00| 1 tur d | ||
| 020 | _a9757408107 | ||
| 041 | _atur | ||
| 050 | _aPL248.A55 | ||
| 100 |
_aAnday, Melih Cevdet _9229 |
||
| 245 | _aBirbirimizi Anlayamayız | ||
| 260 |
_aİstanbul _bSimavi Yayınları _c1992 |
||
| 300 | _a136 Sayfa | ||
| 500 | _aRoman Dizisi : 24 | ||
| 650 | 0 |
_9145 _aTürk Edebiyatı |
|
| 942 |
_2lcc _cBK |
||
| 999 |
_c2304 _d2264 |
||